000 00406nam a2200157 i 4500
001 58712
003 ES-MaACL
007 t|
008 031023s1967 sp ||||1| spa d
100 1 _aEdwards, Jorge.
_946673
245 1 4 _aLas máscaras /
_cJorge Edwards.
250 _a[1ª ed.].
260 _aBarcelona :
_bSeix Barral,
_c[1967]
300 _a170 p. ;
_c20 cm.
852 _aES-MaACL
_jG-4534
_bR.65112
999 _c58712
_d58712